000
00277nam a22001217a 4500
008
190205b xxu||||| |||| 00| 0 eng d
041
_a
eng
080
_a
510
100
_a
36
101
_a
MAT
245
_a
Number Systems An Intuitive Approach
_c
Hutton,R.L
942
_2
udc
_c
BK
999
_c
54025
_d
54025